000 01161nam0a2200337 4500
001 RU\NLR\bibl\1876912
005 20250616192206.0
010 _a978-5-386-04063-5
_95000
021 _aRU
_b2012-9992
_9749
035 _a(NLR Aleph) 001866712
090 _a2605483
_c2605483
100 _a20120302d2012 |||y0rusy50 ca
101 0 _arus
102 _aRU
105 _aa |||||||||
200 1 _aДекоративные бутылки своими руками
_fШилкова Е.А.
210 _aМосква
_cРИПОЛ классик
_d2012 [т. е. 2011]
215 _a254, [1] с., [4] л. цв. ил.
_cил.
_d21
225 1 _aПоделки-самоделки
300 _aНа обл. авт. не указан
300 _aКн. фактически изд. в 2011 г.
606 1 _aБутылки
_xДекорирование
_92627430
_3RU\NLR\auth\661563990
686 _aМ78
700 1 _aШилкова
_bЕ. А.
_gЕлена Александровна
_4070
801 0 _aRU
_bNLR
_c20120302
_gRCR
801 1 _aRU
_bNLR
_c20120302
830 _aавт. по кн.
942 _cBOOK
980 _aNB
980 _aNBR